National Things In The USA - Statistics

General Stats
  • This quiz has been taken 47 times
    17 since last reset
  • The average score is 8 of 14
Answer Stats
National Thing Answer % Correct
Bird Bald Eagle
100%
Animal (2) Bison | Bald Eagle
100%
Food Hamburger
85%
Colors (3) Red | White | Blue
85%
Flower Rose
85%
Sport Baseball
77%
Anthem Star Spangled Banner
77%
Holidays (6) New Years Day | Presidents Day | Memorial Day | Independence Day | Labor Day | Veterans Day
62%
Tree Oak America
62%
Musical Instrument Banjo
23%
Fruit Blueberry
23%
Water Animal Orca
15%
Vegetable Sweet Potato
8%
Basketball team United States National Basketball Team
8%
No matching quizzes found
Score Distribution
Percent of People with Each Score
Percentile by Number Answered
Your Score History
You have not taken this quiz since the last reset